Llei 14/2008, del 5 de novembre, de l'Oficina Antifrau de Catalunya : text consolidat text consolidat
MARC
| LEADER | 00000nam a2200000Ia 4500 | ||
|---|---|---|---|
| 001 | 21836 | ||
| 008 | 160829s2009 xx 000 0 cat d | ||
| 080 | |a FU-45-12 | ||
| 100 | |a Catalunya. Llei de l'Oficina Antifrau de Catalunya (2008) |9 46345 | ||
| 245 | |a Llei 14/2008, del 5 de novembre, de l'Oficina Antifrau de Catalunya : |b text consolidat | ||
| 250 | |a Ed. no venal | ||
| 260 | |a Barcelona : |b Parlament de Catalunya, |c 2009 | ||
| 300 | |a 47 p. ; |c 21 cm | ||
| 490 | |a Textos legislatius ; 83 | ||
| 590 | |a A la portada: Aprovada pel Ple del Parlament (tramitació núm. 200-00023/08) en la sessió núm. 44, del 22 d'octubre de 2008 (Diari de Sessions del Parlament de Catalunya, sèrie P, núm. 62/VIII); Publicada en el Butlletí Oficial del Parlament de Catalunya, núm. 343/VIII, del 3 de novembre de 2008; Promulgada el 5 de novembre de 2008 (Diari Oficial de la Generalitat de Catalunya, núm. 5256, del 12 de novembre de 2008; Llei 7/2009, del 13 de maig, de modificació de la llei 14/2008, del 5 de novembre, de l'Oficina Antifrau de Catalunya; Aprovada pel Ple del Parlament (tramitació núm. 200-00061/08) en la sessió núm. 55, del 6 de maig de 2009 (Diari de Sessions del Parlament de Catalunya, sèrie P, núm. 81/VIII). | ||
| 590 | |a Títol a la coberta: Llei de l'Oficina Antifrau de Catalunya | ||
| 650 | |a Oficina Antifrau de Catalunya |x Dret i legislació |9 46346 | ||
| 650 | |a Frau |x Dret i legislació |9 46347 | ||
| 710 | 1 | |a Catalunya. |b Parlament |9 11492 | |
| 901 | |a Arxiu | ||
| 942 | |n 1 | ||
| 952 | |0 0 |1 0 |4 0 |6 FU4512 |7 1 |9 53159 |a Arxiu |b Arxiu |d 2016-12-01 |l 0 |o FU-45-12 |p 21836 |r 2016-12-01 00:00:00 |w 2016-12-01 |y ARXIU | ||
| 999 | |c 57008 |d 57008 | ||